Richest vs Poorest: Countries in Europe - Statistics

General Stats
  • This quiz has been taken 57 times
  • The average score is 17 of 20
Answer Stats
Poorest Answer % Correct
23,405 Albania
93%
152,915 Luxembourg
93%
97,581 Switzerland
91%
75,846 Belgium
89%
19,678 Moldova
89%
134,000 Ireland
87%
20,383 Kosovo
87%
84,566 Netherlands
87%
29,475 North Macedonia
87%
107,892 Norway
87%
22,831 Bosnia and Herzegovina
85%
33,114 Serbia
85%
34,313 Belarus
84%
41,901 Bulgaria
84%
88,934 Denmark
84%
81,215 Iceland
84%
20,999 Ukraine
84%
33,620 Montenegro
78%
76,705 Malta
75%
83,031 San Marino
75%
No matching quizzes found
Score Distribution
Percent of People with Each Score
Percentile by Number Answered
Your Score History
You have not taken this quiz